| 000 | 00874nam a22002892a 4500 | ||
|---|---|---|---|
| 999 |
_c2713 _d2713 |
||
| 001 | 015554576 | ||
| 003 | Uk | ||
| 005 | 20230811160453.0 | ||
| 008 | 091119s2010 enk j 000 0 eng d | ||
| 020 | _a9781850085591 (pbk.) : | ||
| 020 | _a1850085595 (pbk.) : | ||
| 040 |
_aUK-WkNB _beng _cUK-WkNB _dKH8 |
||
| 082 | _2900 WIL | ||
| 100 | 1 |
_aWilkes, Aaron. _eauthor. |
|
| 245 | 1 | 0 |
_aImmigration nation / _cAaron Wilkes. |
| 260 |
_aOxford : _bFolens Publishers UK : _bOxford University Press, _c2011. |
||
| 300 |
_a64 pages ; _c28x22 cm. |
||
| 336 |
_atext _2rdacontent |
||
| 337 |
_aunmediated _2rdamedia |
||
| 338 |
_avolume _2rdacarrier |
||
| 366 |
_b20100406 _cIP 20100405 _jGB _kxxk _mFolens Publishers UK _2UK-WkNB |
||
| 490 | 1 | _aDepth study | |
| 490 | 1 | _aFolens history 2nd edition | |
| 500 | _aPaperback. | ||
| 830 | 0 | _aFolens history 2nd edition | |
| 942 |
_2ddc _cTR |
||